| 000 | 00346pab a2200145 454500 | ||
|---|---|---|---|
| 008 | 180718b1995 xxu||||| |||| 00| 0 eng d | ||
| 100 | _aSubramanian, S. | ||
| 245 |
_aPolice and security _bchinks in protective shield. |
||
| 260 | _c1995 | ||
| 300 | _ap.8 | ||
| 362 | _a10 Aug | ||
| 650 | _aPolice - India | ||
| 773 | _aTribune | ||
| 909 | _a29841 | ||
| 999 |
_c29841 _d29841 |
||